000 00280nam a22001337a 4500
008 181005b xxu||||| |||| 00| 0 eng d
020 _a9781429231848
041 _aeng
080 _a510
100 _a37
101 _aMAT
245 _aCalculus
_cRogawski.J
942 _2udc
_cBK
999 _c48885
_d48885